Organizácia a riadenie bankovníctva v ČSSR

Saved in:
Bibliographic Details
Main Author: Gallo, Pavol
Corporate Author: Vysoká škola ekonomická v Bratislave. Národohospodárska fakulta
Format: Book
Language:Slovak
Published: Bratislava VŠE 1982
Tags: Add Tag
No Tags, Be the first to tag this record!

MARC

LEADER 00000nam a2200000 4500
001 c129253
005 20190107123450.2
041 0 |a slo 
044 |a SK 
245 1 0 |a Organizácia a riadenie bankovníctva v ČSSR  |c Pavol Gallo 
264 1 |a Bratislava  |b VŠE  |c 1982 
300 |a 259 s. 
100 1 |a Gallo, Pavol 
710 2 |a Vysoká škola ekonomická v Bratislave. Národohospodárska fakulta